| 000 | 02339nam a22002417a 4500 | ||
|---|---|---|---|
| 005 | 20220712091526.0 | ||
| 008 | 220712b ||||| |||| 00| 0 eng d | ||
| 020 | _a9788190358057 | ||
| 040 | _cAL | ||
| 041 | _aEnglish | ||
| 082 |
_223 _a338.76636 _bBANR |
||
| 100 |
_aNantoo Banerjee _948135 |
||
| 245 | _aReal Thing:Cokes Bumpy Ride through India | ||
| 260 |
_aKolkata _bFrontpage _c2009 |
||
| 300 |
_axvi,250 p. _bPB _c20x12.5 cm. |
||
| 520 | _aThe Real Thing: Coke’s Bumpy Ride through India, is a non-fiction real life story of the Atlanta-based The Coca Cola Company’s long troubled business journey, partly its own making and partly because of its wrong assessment of India’s regulatory system and administrative framework. The content combines a painstaking research by the author into various aspects of the company’s operations over a period of time and his insider’s knowledge with a reporter’s detachment. Entering India in 1991 after a 14-year exile, Coke’s subsequent policies and practices have been mired in controversy. The pesticides in colas, the closure of the company’s Kerala plant following its exposé as a groundwater guzzler, and the company’s constant fight with environmentalists, social activists and the government provided the impetus for writing this book. Having tracked Coke for over two decades, Nantoo Banerjee’s book provides, possibly for the first time in India, a well-researched look into the operation of a major multinational – its managerial practices, especially some of the critical moves and decisions taken by its senior executives in Atlanta, Tokyo, Hong Kong and New Delhi, internal intrigue, customer care policies, external pressures and ruthless ambition. The book is brilliantly bold and lives up to the author's reputation as one of the country's best-known investigative business journalists, and a ‘must read’ for plumbing the depths of contemporary corporate ethics. Besides, the book provides a unique case study which would be a valuable companion to the management professionals, students, regulatory authorities and opinion leaders. | ||
| 650 |
_aSoft drink industry _948136 |
||
| 650 |
_aCoca-Cola Company _948137 |
||
| 650 |
_aUnited States _948138 |
||
| 650 |
_aIndia _948139 |
||
| 700 |
_aBANERJEE (Nantoo) _948140 |
||
| 942 |
_2ddc _cGF |
||
| 999 |
_c223694 _d223694 |
||